Personnages de Naruto par images - Statistiques

Statistiques générales
  • Ce quiz a été pris 7 844 fois
  • Le résultat moyen est 17 sur 20
Statistiques - réponses
Par images Réponse % Correct
Naruto Uzumaki
100%
Sasuke Uchiwa
100%
Kakashi Hatake
99%
Sakura Harpon
99%
Itachi Uchiwa
98%
Gaara
97%
Minato Namikaze
96%
Madara Uchiwa
95%
Hinata Hyûga
94%
Orochimaru
94%
Jiraya
93%
Obito Uchiwa
92%
Rock Lee
92%
Shikamaru Nara
90%
Tsunade
90%
Hiruzen Sarutobi
71%
Kabuto Yakushi
71%
Iruka Umino
64%
Shikaku Nara
58%
Jirôbô
22%
Aucun quiz correspondant
Distribution des résultats
% des personnes avec chaque résultat
Percentile par nombre de réponses
Votre historique - résultats
Vous n’avez pas pris ce quiz